00289nam a2200133Ia 45000030006000000080041000060400015000471000012000622450033000742500010001072600009001175460012001260050017001380STCL150530s9999 xx 000 0 und d aSTCLcSTCL aRussell aImpact of science on society aFirst c1957 aEnglish20220125171146.0